000 00389nam a2200133Ia 4500
008 231129s1978||||xx |||||||||||||| ||spa||
020 _a84-7423-042-X
082 _aHAJ- 0492
100 _aEvans-Pritchard E. E.
245 0 _aLa relación hombre-mujer entre los azande
260 _c1978
264 _aBarcelona: Crí­tica 1978
942 _2ddc
_cBKS
999 _c18096
_d18096